000 00533nam a2200169Ia 4500
008 090201s9999 xx 000 0 und d
010 _aKPL-56463
040 _bमराठी
041 _aमराठी
082 _a22377
_b56463
100 _aरा ग रानडे
245 _aबहुरंगी करमणूक 1
_cरा ग रानडे
260 _c2004
_bसरीता प्रकाशन
300 _a123
_bलहान
600 _aबहुरंगी करमणूक 1
942 _cBOOK
999 _c221911
_d221911